[Event "Moscow IM 09"]
[Site "Moscow"]
[Date "2013.09.16"]
[Round "5"]
[White "Arustamian, Artur"]
[Black "Pavlov, Nikita"]
[Result "1/2-1/2"]
[WhiteElo "2386"]
[BlackElo "2233"]
[PlyCount "36"]
[EventDate "2013.09.11"]
[EventType "tourn"]
[EventRounds "9"]
[EventCountry "RUS"]
[EventCategory "2"]
[SourceTitle "EXT 2014"]
[Source "ChessBase"]
[SourceDate "2013.11.20"]
[SourceVersion "1"]
[SourceVersionDate "2013.11.20"]
[SourceQuality "1"]

1. e4 e5 2. Nf3 Nc6 3. Bb5 a6 4. Bxc6 dxc6 5. 0-0 f6 6. d4 Bg4 7. dxe5 Qxd1 8. Rxd1 fxe5 9. Rd3 Bxf3 10. Rxf3 Nf6 11. Nc3 Bb4 12. Bg5 Bxc3 13. bxc3 Rf8 14. Bxf6 Rxf6 15. Rxf6 gxf6 16. Rd1 a5 17. Rd3 a4 18. Rh3 Ra5 1/2-1/2

[Event "Moscow IM 09"]
[Site "Moscow"]
[Date "2013.09.14"]
[Round "3"]
[White "Rozanov, Pavel B"]
[Black "Pavlov, Nikita"]
[Result "1/2-1/2"]
[WhiteElo "2304"]
[BlackElo "2233"]
[PlyCount "70"]
[EventDate "2013.09.11"]
[EventType "tourn"]
[EventRounds "9"]
[EventCountry "RUS"]
[EventCategory "2"]
[SourceTitle "EXT 2014"]
[Source "ChessBase"]
[SourceDate "2013.11.20"]
[SourceVersion "1"]
[SourceVersionDate "2013.11.20"]
[SourceQuality "1"]

1. e4 c5 2. Nf3 Nc6 3. Bb5 d6 4. 0-0 Bd7 5. Re1 a6 6. Bxc6 Bxc6 7. d4 cxd4 8. Nxd4 g6 9. Nxc6 bxc6 10. Qd4 e5 11. Qa4 Qb6 12. Na3 Rd8 13. Be3 Qb7 14. Rad1 Be7 15. Rd3 Nf6 16. Rb3 Qd7 17. Rb6 0-0 18. Rxa6 Qe6 19. c4 Nxe4 20. Qxc6 f5 21. f3 Nf6 22. Bg5 Rc8 23. Qb5 Rb8 24. Qa4 Rxb2 25. Nb5 Rc8 26. Bxf6 Qxf6 27. Ra8 Rxa8 28. Qxa8+ Kg7 29. Qa3 Qh4 30. Rf1 Rc2 31. Qa7 Rxc4 32. Nxd6 Ra4 33. Qb6 Qd4+ 34. Qxd4 exd4 35. Nb5 Rxa2 1/2-1/2

[Event "Moscow-ch"]
[Site "Moscow"]
[Date "1996.??.??"]
[Round "6"]
[White "Burlak, Sergey"]
[Black "Pavlov, Nikita"]
[Result "1/2-1/2"]
[WhiteElo "2230"]
[BlackElo "2310"]
[PlyCount "41"]
[EventDate "1996.08.??"]
[EventType "swiss"]
[EventRounds "11"]
[EventCountry "RUS"]
[SourceTitle "CBM 055 Extra"]
[Source "ChessBase"]
[SourceDate "1997.01.01"]
[SourceVersion "1"]
[SourceVersionDate "1997.01.01"]
[SourceQuality "1"]

1. e4 c5 2. Nf3 Nc6 3. d4 cxd4 4. Nxd4 e5 5. Nb3 Nf6 6. Nc3 d6 7. Be2 Be6 8. Be3 d5 9. exd5 Nxd5 10. Nxd5 Bxd5 11. 0-0 Be7 12. c4 Be6 13. Nc5 Qc8 14. Nxe6 Qxe6 15. Rc1 0-0 16. Qd5 Qf6 17. Rfd1 Rfe8 18. Qe4 Nd4 19. Bxd4 exd4 20. Bd3 g6 21. Re1 1/2-1/2

[Event "Moscow-ch"]
[Site "Moscow"]
[Date "1996.??.??"]
[Round "4"]
[White "Vorobiov, Evgeny E"]
[Black "Pavlov, Nikita"]
[Result "1-0"]
[WhiteElo "2440"]
[BlackElo "2310"]
[PlyCount "112"]
[EventDate "1996.08.??"]
[EventType "swiss"]
[EventRounds "11"]
[EventCountry "RUS"]
[SourceTitle "CBM 055 Extra"]
[Source "ChessBase"]
[SourceDate "1997.01.01"]
[SourceVersion "1"]
[SourceVersionDate "1997.01.01"]
[SourceQuality "1"]

1. e4 c5 2. Nf3 d6 3. d4 cxd4 4. Nxd4 Nf6 5. Nc3 g6 6. Be3 Bg7 7. f3 0-0 8. Qd2 Nc6 9. 0-0-0 d5 10. exd5 Nxd5 11. Nxc6 bxc6 12. Bd4 e5 13. Bc5 Be6 14. Ne4 Re8 15. h4 h6 16. g4 Qc7 17. g5 h5 18. Bc4 Red8 19. Qf2 Qa5 20. Rd2 Nf4 21. Bxe6 Nxe6 22. a3 Rd5 23. Be3 Nd4 24. Rd3 Rb8 25. c4 Rdd8 26. Bxd4 exd4 27. Rhd1 Qe5 28. Kb1 c5 29. Re1 Kh8 30. Ka2 Re8 31. Rdd1 Qe6 32. Rc1 Qc6 33. Red1 Rb7 34. Rd3 Be5 35. Rc2 a5 36. Qe1 Bc7 37. b3 a4 38. b4 Bd6 39. b5 Qd7 40. Qf1 Qe6 41. Ka1 Rc8 42. Kb1 Bf4 43. Qf2 Be3 44. Qg3 Qf5 45. Rxe3 dxe3 46. Nd6 Qd7 47. Nxb7 Qxb7 48. Qe5+ Kg8 49. Qxe3 Rd8 50. Rd2 Rc8 51. Rd5 Qb6 52. f4 Qa5 53. f5 gxf5 54. g6 Rf8 55. Rxf5 Qd8 56. gxf7+ Rxf7 1-0